| 000 | 00427nam a2200157 i 4500 | ||
|---|---|---|---|
| 001 | 64420 | ||
| 003 | ES-MaACL | ||
| 007 | t| | ||
| 008 | 031224s1967 sp ||||1| cat d | ||
| 100 | 1 |
_aFoix, Pere. _951429 |
|
| 245 | 1 | 0 |
_aSerra i Moret / _cPere Foix. |
| 250 | _a[1ª ed.]. | ||
| 260 |
_aMéxico : _bEditores Mexicanos Unidos, _c[1967] |
||
| 300 |
_a340 p., 5 lám. : _bil. ; _c21 cm. |
||
| 852 |
_aES-MaACL _jE-9969 _bR.93812 |
||
| 999 |
_c64420 _d64420 |
||